Le 11 des joueurs ayant disputé le plus de matchs de Ligue 1 - Statistiques

Statistiques générales
  • Ce quiz a été pris 113 fois
  • Le résultat moyen est 6 sur 11
Statistiques - réponses
Postes Années de passage Clubs représentés Matchs joués Joueurs % Correct
Gardien 1996-2014 Nantes / Paris / Lille / Bastia 618 Mickaël Landreau
87%
Défenseur Central 2003-2021 Bastia / Lens / Marseille / Montpellier 512 Vitorino Hilton
82%
Milieu Offensif 2005-2023 Nantes / Saint-Etienne / Lille / Marseille 492 Dimitri Payet
80%
Milieu de terrain 2011- Ajaccio / Rennes / Lille 438 Benjamin André
67%
Buteur 2002-2022 Rennes / Lyon / Guingamp / Bordeaux 483 Jimmy Briand
62%
Milieu de terrain 2002-2020 Lyon / Toulouse / Nice / Lille / Dijon 513 Florent Balmont
60%
Défenseur Central 2000-2017 Nantes / Paris / Rennes 506 Sylvain Armand
53%
Défenseur Gauche 2006-2022 Lorient / Marseille / Lyon / Rennes 425 Jérémy Morel
49%
Défenseur Central 2004-2021 Toulouse / Montpellier 490 Daniel Congré
41%
Milieu de terrain 2001-2019 Rennes / Toulouse / Guingamp 460 Etienne Didot
35%
Buteur 2001-2020 Monaco / Nice / Guingamp / Montpellier 423 Souleymane Camara
26%
Aucun quiz correspondant
Distribution des résultats
% des personnes avec chaque résultat
Percentile par nombre de réponses
Votre historique - résultats
Vous n’avez pas pris ce quiz